Online Catalogue and eLibrary

Not in God's Image : (Record no. 1678)

MARC details
000 -LEADER
fixed length control field 00542nam a2200229Ia 4500
005 - DATE AND TIME OF LATEST TRANSACTION
control field 20250203060248.0
008 - FIXED-LENGTH DATA ELEMENTS--GENERAL INFORMATION
fixed length control field 240331s9999 xx 000 0 und d
020 ## - INTERNATIONAL STANDARD BOOK NUMBER
ISBN 0860680983
082 ## - DDC Classification
Item Number - Author Mark FAO
DDC Edition Number 97
Class No. 305.4
245 #0 - TITLE STATEMENT
Title Not in God's Image :
Remainder of title Women in History
260 ## - PUBLICATION, DISTRIBUTION, ETC.
Place of publication, distribution, etc. London
Name of publisher, distributor, etc. Virago
Date of publication, distribution, etc. 1979
300 ## - PHYSICAL DESCRIPTION
Extent (e.g. Volumes, Pages etc.) 383 p.,
650 ## - SUBJECT ADDED ENTRY--TOPICAL TERM
Topical term or geographic name entry element Women
650 ## - SUBJECT ADDED ENTRY--TOPICAL TERM
Topical term or geographic name entry element History
650 ## - SUBJECT ADDED ENTRY--TOPICAL TERM
Topical term or geographic name entry element Feminism
650 ## - SUBJECT ADDED ENTRY--TOPICAL TERM
Topical term or geographic name entry element Revolution
650 ## - SUBJECT ADDED ENTRY--TOPICAL TERM
Topical term or geographic name entry element Education
650 ## - SUBJECT ADDED ENTRY--TOPICAL TERM
Topical term or geographic name entry element Society
700 ## - ADDED ENTRY--PERSONAL NAME
Personal name O'Faolain, J
Relator term (Role) Editor
700 ## - ADDED ENTRY--PERSONAL NAME
Personal name Martines, L
Relator term (Role) Editor
942 ## - Koha item type (Biblio)
Koha item type Books in Stacks (Lending)
Holdings
Lost status Damaged status Collection code Home library Current library Shelving location Date acquired Full call number Accession Number Item type
    Lending WERC Library WERC Library Social Science Cupboard 03/31/2024 305.4 NOT 97 Books in Stacks (Lending)

© WERC Library